Smithsonian Institute Libraries (Record no. 120245)

MARC details
000 -LEADER
fixed length control field 00693cam a2200193 4500
001 - CONTROL NUMBER
control field WS121819
008 - FIXED-LENGTH DATA ELEMENTS--GENERAL INFORMATION
fixed length control field 030331n 000 0 eng u
035 ## - SYSTEM CONTROL NUMBER
System control number (Sirsi) u121819
110 ## - MAIN ENTRY--CORPORATE NAME
Corporate name or jurisdiction name as entry element Smithsonian Institute
9 (RLIN) 4420
245 ## - TITLE STATEMENT
Title Smithsonian Institute Libraries
520 ## - SUMMARY, ETC.
Summary, etc. Web site for the libraries at the Smithsonian Institute including access to their catalogue, details of special collections and specialised research bibliographies.
650 ## - SUBJECT ADDED ENTRY--TOPICAL TERM
Topical term or geographic name entry element UNITED STATES
650 ## - SUBJECT ADDED ENTRY--TOPICAL TERM
Topical term or geographic name entry element LIBRARIES
650 ## - SUBJECT ADDED ENTRY--TOPICAL TERM
Topical term or geographic name entry element MUSEUMS
650 ## - SUBJECT ADDED ENTRY--TOPICAL TERM
Topical term or geographic name entry element INTERNATIONAL
690 ## - LOCAL SUBJECT ADDED ENTRY--TOPICAL TERM (OCLC, RLIN)
Topical term or geographic name as entry element Arts and antiques
9 (RLIN) 6217
856 40 - ELECTRONIC LOCATION AND ACCESS
Uniform Resource Identifier <a href="https://www.sil.si.edu">https://www.sil.si.edu</a>
Public note View the website free of charge at www.sil.si.edu...
942 ## - ADDED ENTRY ELEMENTS (KOHA)
Suppress in OPAC 0
Holdings
Withdrawn status Lost status Source of classification or shelving scheme Damaged status Not for loan Home library Current library Shelving location Date acquired Total Checkouts Full call number Barcode Date last seen Copy number Price effective from Koha item type
    Dewey Decimal Classification     Virtual Virtual Online 31/03/2003   WEB SITE 121819-2001 06/08/2019 1 06/08/2019 Online material